000 00504nam a2200169 i 4500
001 149468
003 ES-MaACL
005 20251005063117.0
007 t|
008 071022s1967 sp ||||1| spa d
100 1 _aVázquez, Jesús María,
_d1923-
_9151167
245 1 0 _aRealidades socio-religiosas de España /
_cJesús María Vázquez.
260 _aMadrid :
_bEditora Nacional,
_c1967.
300 _a325 p. ;
_c24 cm.
852 _aES-MaACL
_jC-34029
_bR.64945
999 _c149468
_d149468